00312nam a2200109Ia 4500008004100000041000800041082002100049100001500070245007100085260003700156300000900193230411s9999 xx 000 0 und d aeng aR/519/MAH/B06094 aMahajan BK aMethods in Biostatistics for Medical Students and Research Workers bJaypee BrothersaNew Delhic1997 a342p